Statistics for Believer Lyrics

Click here to take the quiz!

General Stats

  • This quiz has been taken 234 times
    (142 since last reset)
  • The average score is 23 of 45

Answer Stats

Lyrics% Correct
First thing's first I'mma say all the words inside my {head},
100%
The way that {things} have been, oh ooh
94%
I'm fired up and {tired} of the way that things have been, oh ooh
92%
Second thing's second don't you tell me what you {think} that I could be
89%
The master of my {sea}, oh ooh
87%
I was {broken} from a young age
69%
You made me a you made me a {believer}, believer
69%
You made me a you made me a {believer}, believer
69%
You made me a you made me a {believer}, believer...
69%
You made me a you made me a {believer}, believer, pain!
69%
You made me a you made me a {believer}, believer, pain!
69%
You made me a you made me a {believer}, believer, pain!
69%
Taking my sulking to the {masses}
64%
Singing from heartache from the {pain}
56%
Seeing the {beauty} from the... pain!
51%
Your spirit up {above}, oh ooh
51%
I'm the one at the {sail} I'm the master of my {sea}, oh ooh
50%
Taking my {message} from the veins
50%
Inhibited, limited, 'til it broke up and it {rained} down
47%
Inhibited, limited, 'til it broke up and it {rained} down
47%
It {rained} down like, pain!
47%
It {rained} down like, pain!
47%
The {blood} in my veins, oh ooh...
47%
I let the {bullets} fly oh let them rain
45%
I let the {bullets} fly oh let them rain
45%
I let the {bullets} fly oh let them rain
45%
Third thing's third send a {prayer} to the ones up above
44%
{Writing} my {poems} for the few
41%
Falling like {ashes} to the ground
40%
Hoping my {feelings}, they would drown
39%
You {break} me down, you {build} me up believer, believer, pain...
39%
You {break} me down, you {build} me up believer, believer, pain...
39%
You {break} me down, you {build} me up believer, believer, pain...
39%
All the hate that you've heard has turned your {spirit} to a {dove}, oh ooh
37%
But they never did, ever lived, ebbing and {flowing}
34%
But they never did, ever lived, ebbing and {flowing}
34%
Who {looked} at me, {took} to me, shook to me, feeling me
33%
I was choking in the {crowd}
32%
My life, my love, my {drive} it comes from, pain!
29%
My life, my love, my {drive} it comes from, pain!
29%
My life, my love, my {drive} it comes from, pain!
29%
Speaking my {lesson} from the {brain}
29%
Last thing's last by the grace of the {fire} and the {flames}
27%
You're the {face} of the future, the {blood} in my veins, oh ooh
27%
Building my {rain} up in the {cloud}
18%

Score Distribution

Percentile by Number Answered

Percent of People with Each Score

Your Score History

You have not taken this quiz since the last reset